Ako sa zmenilo nákupné správanie?

Pandémia rýchlo zmenila nákupné správanie slovenských spotrebiteľov. Nakupujúci sa masívne presunuli na internet. Otázka, či je tento posun trvalý a či bude e-commerce pokračovať v raste. Ktorému segmentu vzrástla popularita.

Enregistré dans:
Détails bibliographiques
Format: Chapitre de livre
Langue:slovaque
Sujets:
Tags: Ajouter un tag
Pas de tags, Soyez le premier à ajouter un tag!

MARC

LEADER 00000naa a2200000 4500
001 0277245
005 20210714150730.3
041 0 |a slo 
044 |a SK 
245 1 0 |a Ako sa zmenilo nákupné správanie? 
520 |a Pandémia rýchlo zmenila nákupné správanie slovenských spotrebiteľov. Nakupujúci sa masívne presunuli na internet. Otázka, či je tento posun trvalý a či bude e-commerce pokračovať v raste. Ktorému segmentu vzrástla popularita. 
610 2 0 |a nákup 
610 2 0 |a nákup elektronický 
610 2 0 |a obchod elektronický 
610 2 0 |a pandémia 
610 2 0 |a správanie spotrebiteľa